000
00285nam a22001097a 4500
008
170119b xxu||||| |||| 00| 0 eng d
020
_a
9780397548767
041
_a
eng
080
_a
618.2
245
_a
LEADERSHIP ROLES AND MANAGEMENT FUNCTIONS IN NURSING
_c
MARQUIS, B.L
942
_2
udc
_c
BK
999
_c
3175
_d
3175